General Knowledge Advanced /2 - Statistics

General Stats
  • This quiz has been taken 18 times
  • The average score is 6 of 16
Answer Stats
Questions Answer % Correct
What animal is known in Sumatra and Siberian versions? Tiger
76%
What's rapper 21 Savage's country of birth? United Kingdom
59%
On which river lies Kinshasa? Congo
53%
On what island lies Tokyo? Honshu
53%
What mythological figure represents on of the most famous tourist attractions in Copenhagen? Mermaid
47%
What killed Greek hero Achilles in the Trojan war? an Arrow
35%
Who's Chelsea F.C.'s all-time top scorer? Frank Lampard
35%
What's Family Guy character Quagmire's first name? Glenn
35%
Which European country once held Caribbean island St. Barthelemy from 1785 - 1877? Sweden
35%
What's the most populous city in Côte d'Ivoire? Abidjan
24%
Where is the European Central Bank located? Frankfurt
24%
Who plays a deserted Colonel in the Vietnamese jungle in Apocalypse Now? Marlon Brando
24%
What's the name of Dr. Dre's debut album in 1992? The Chronic
24%
What Sith name does Star Wars' Sheev Palpatine use? Darth Sidious
18%
When was Rome founded? 753 BC
6%
What was the mission name for the military operation which lead to the death of Osama Bin Laden in 2011? Operation Neptune Spear
6%
No matching quizzes found
Score Distribution
Percent of People with Each Score
Percentile by Number Answered
Your Score History
You have not taken this quiz